[Event "Khanty-Mansiysk Governor Cup 20th"]
[Site "Khanty-Mansiysk"]
[Date "2024.11.13"]
[Round "9"]
[White "Panin, Mikhail"]
[Black "Rozhdestvensky, Mikhail"]
[Result "1-0"]
[WhiteElo "2155"]
[BlackElo "2060"]
[PlyCount "63"]
[EventDate "2024.11.05"]
[EventType "swiss"]
[EventRounds "9"]
[EventCountry "RUS"]
[SourceTitle "CB47_2024"]
[SourceDate "2024.11.20"]
[SourceVersion "1"]
[SourceVersionDate "2024.11.20"]
[SourceQuality "1"]

1. e4 e5 2. Nf3 Nc6 3. Bc4 Bc5 4. c3 Nf6 5. d4 exd4 6. cxd4 Bb4+ 7. Nbd2 Bxd2+ 8. Bxd2 Nxe4 9. d5 Ne7 10. Bb4 d6 11. 0-0 0-0 12. Re1 a5 13. Bxa5 Rxa5 14. Rxe4 Bf5 15. Re3 Ra8 16. Qb3 Bd7 17. Rae1 Nf5 18. Re4 Rb8 19. Bd3 Nh6 20. Qc3 c5 21. h3 b5 22. Re7 Nf5 23. Bxf5 Bxf5 24. Nh4 b4 25. Qg3 Bc8 26. f4 c4 27. Kh2 Qa5 28. Qg5 c3 29. Rxf7 Rxf7 30. Re8+ Rf8 31. Qe7 Rxe8 32. Qxe8# 1-0

[Event "Barnaul Kura Memorial"]
[Site "Barnaul"]
[Date "2023.02.25"]
[Round "2"]
[White "Goganov, Aleksey"]
[Black "Rozhdestvensky, Mikhail"]
[Result "1-0"]
[WhiteElo "2526"]
[BlackElo "2021"]
[PlyCount "75"]
[EventDate "2023.02.25"]
[EventType "swiss (rapid)"]
[EventRounds "11"]
[EventCountry "RUS"]
[SourceTitle "CBM 213 Extra"]
[Source "ChessBase"]
[SourceDate "2023.05.31"]
[SourceVersion "1"]
[SourceVersionDate "2023.05.31"]
[SourceQuality "1"]

1. e4 e5 2. Nf3 Nc6 3. Bb5 a6 4. Ba4 Nf6 5. 0-0 Nxe4 6. d4 b5 7. Bb3 d5 8. dxe5 Be6 9. Nbd2 Nc5 10. c3 d4 11. cxd4 Nxd4 12. Nxd4 Qxd4 13. Bxe6 Nxe6 14. a4 Bb4 15. axb5 0-0 16. bxa6 Rfd8 17. Qc2 Bxd2 18. Rd1 Bxc1 19. Rxd4 Nxd4 20. Qxc7 Bxb2 21. Rb1 Ne6 22. Qa5 Bd4 23. g3 h6 24. Kg2 Nc5 25. a7 Ne6 26. Rb7 Re8 27. f4 Nc5 28. Rc7 Ne6 29. Rd7 g6 30. h4 h5 31. Kh3 Be3 32. Qa3 Bc5 33. Qa2 Bb6 34. Rb7 Bc5 35. Qa4 Kg7 36. Qc6 Be3 37. Qd7 Bxf4 38. Qxf7+ 1-0